Parc del Castell de Montesquiu : exposicions temporals : Cabanya del Castell exposicions temporals : Cabanya del Castell
Descripción Física:
6 pàgines : il·lustracions ; 21 cm
Idioma:
Catalán
MARC
| LEADER | 00000nam a22000007a 4500 | ||
|---|---|---|---|
| 001 | 25374 | ||
| 003 | Arxiu | ||
| 005 | 20260324181103.0 | ||
| 008 | 220502b spa||||| |||| 00| 0 cat d | ||
| 017 | |a DL B 3451-2020 | ||
| 080 | |a FU-68-43 | ||
| 245 | |a Parc del Castell de Montesquiu : |b exposicions temporals : Cabanya del Castell | ||
| 260 | |a Barcelona : |b Diputació de Barcelona. Xarxa de Parcs Naturals, |c 2020 | ||
| 300 | |a 6 pàgines : |b il·lustracions ; |c 21 cm | ||
| 610 | 1 | 0 | |a Parc del Castell de Montesquiu (Catalunya) |9 52663 |
| 710 | 1 | |a Barcelona (Catalunya : Província). |b Xarxa de Parcs Naturals |9 7250 | |
| 942 | |2 udc |n 1 |c ARXIU | ||
| 952 | |0 0 |1 0 |4 0 |6 FU6843 |7 1 |9 61451 |a Arxiu |b Arxiu |d 2022-05-02 |l 0 |o FU-68-43 |p 25374 |r 2022-05-02 00:00:00 |w 2022-05-02 |y ARXIU | ||
| 999 | |c 81404 |d 81404 | ||